| 000 | 01183nam a22003377a 4500 | ||
|---|---|---|---|
| 003 | CHAP | ||
| 005 | 20220329134549.0 | ||
| 008 | 971013s1983 r 00010 d | ||
| 010 | _a22254 | ||
| 011 | _a23226 | ||
| 035 | _a27321 | ||
| 040 | _cCHAP | ||
| 090 | _aTesis | ||
| 100 | 0 | 0 |
_aArmenta Bojórquez, Adolfo Dagoberto. _97184 |
| 245 | _aFertilización e inoculación con Rhizobium y endomicorriza (V-A) en garbanzo blanco (Cicer arietinum L.) en suelos del noroeste de México | ||
| 260 |
_aChapingo, Méx. : _bEl autor, _c1983 |
||
| 300 |
_a138 h. _b; gráfs. |
||
| 502 | _aTesis (M. C. Esp. en Suelos) -- Colegio de Postgraduados. Centro de Edafología | ||
| 590 |
_aALEPH _b10 _c20130110 _lUCH01 _h1246 |
||
| 590 |
_aBATCH-UPD _b10 _c20130110 _lUCH01 _h1708 |
||
| 590 |
_aBATCH-UPD _b10 _c20130410 _lUCH01 _h1055 |
||
| 590 |
_aBATCH-UPD _b10 _c20130914 _lUCH01 _h2050 |
||
| 590 |
_aCONVERSION _b10 _c20130109 _lUCH01 _h1313 |
||
| 650 | 1 | 4 |
_aBacterias nitrificantes. _99327 |
| 650 | 1 | 4 |
_aFertilizantes _xEfecto en garbanzo. _940513 |
| 650 | 1 | 4 |
_aMicorriza. _975486 |
| 650 | 1 | 4 |
_aRhizobium. _997124 |
| 901 | _aBK | ||
| 942 | _cTESIS | ||
| 949 |
_bBC _cTES _d-63335 _eTS1 _i27321 _si |
||
| 999 |
_c22254 _d22254 |
||